[Event "82.Camp. Veneto Quarti di Finale"]
[Site "Ceregnano ITA"]
[Date "2023.05.28"]
[Round "4.3"]
[White "Cervatti, Michele"]
[Black "Ballarin, Gabriele"]
[Result "1-0"]
[WhiteElo "1860"]
[BlackElo "1760"]
[Annotator "Gabriele Ballarin"]
[PlyCount "137"]
[EventDate "2023.05.26"]
[EventType "swiss"]
[EventRounds "5"]
[EventCountry "ITA"]

{[%evp 9,137,0,39,29,29,35,41,36,39,37,39,21,48,36,48,44,50,34,54,20,11,29,18,27,30,57,432,454,500,479,531,528,538,498,539,419,407,397,498,499,513,507,499,505,533,357,518,427,438,455,558,363,487,420,434,433,498,388,474,421,597,580,616,501,1477,1178,1539,496,649,388,611,552,540,410,410,345,311,317,388,223,253,248,277,252,301,313,305,301,334,289,291,300,293,259,264,259,324,325,331,276,348,317,424,427,424,401,492,469,482,484,464,393,407,378,422,359,537,540,549,544,616,598,660,610,741,728,1079,1085,1092,988]} 1. e4 d6 2. d4 Nf6 3. Bd3 e5 4. dxe5 dxe5 5. Nf3 c6 (5... Bc5 $11) 6. O-O Qc7 7. b3 Bg4 8. Bb2 Nbd7 9. Nbd2 Bc5 10. Nc4 {[%cal Rc4e5]} Bxf3 11. Qxf3 b5 12. Ne3 O-O 13. Qg3 Rfe8 14. Kh1 (14. a4 $14) 14... Nh5 $11 15. Qg5 Nf4 16. Nf5 {[%csl Gf5][%cal Rg5g7] [#]} g6 17. Nh6+ Kg7 $2 {[%mdl 8192]} (17... Kf8 $14) 18. Qxf4 $1 $18 Nf6 19. Qg5 Nd7 20. f4 f6 21. Qh4 Bd6 22. fxe5 Bxe5 23. Bxe5 Rxe5 24. Ng4 {[%csl LRe5,LRf6]} Rh5 25. Qf2 Rf8 26. h3 Rg5 27. Qf4 Qd8 (27... Qxf4 $142 28. Rxf4 h5) 28. Rae1 h5 29. Nh2 Qe7 30. Rf3 Nc5 31. Ref1 Ne6 32. Qe3 Re5 33. Qf2 Rf7 34. Rg3 Nf8 (34... Ng5 $142 35. h4 Nxe4) 35. Nf3 Rc5 36. Nh4 Kh7 (36... Rg5 $142 37. Re3 Re5) 37. e5 f5 {[#]} 38. Nf3 (38. Nxg6 $142 $1 Nxg6 39. Bxf5) 38... Ne6 39. h4 Kh6 (39... Rd5 $142 40. a4 a6) 40. Qd2+ Kg7 41. Ng5 Nxg5 42. Qxg5 Qxg5 43. Rxg5 Rxe5 44. Rf3 (44. g4 $142) 44... Rf6 45. Kg1 a6 46. Kf2 c5 47. Re3 Rxe3 48. Kxe3 {[%mdl 4096]} Re6+ 49. Kd2 Rd6 50. Kc3 Kf6 51. Rg3 Rd4 52. Rh3 b4+ 53. Kd2 a5 54. g3 a4 55. Rh2 (55. bxa4 Ke5 56. Ke3 c4) 55... axb3 56. axb3 Rg4 57. Rh3 f4 58. gxf4 Rxf4 59. Ke3 Rg4 60. Be2 Rd4 61. Kf3 Rg4 62. Kf2 Rd4 (62... Re4 $142 63. Bd3 Rg4) 63. Rf3+ Kg7 64. Kg3 Rg4+ 65. Kh3 Rd4 66. Rg3 Kf6 67. Bd3 Rd5 68. Rxg6+ Ke7 69. Rg5 1-0

[Event "82.Camp. Veneto Quarti di Finale"]
[Site "Ceregnano ITA"]
[Date "2023.05.28"]
[Round "4.4"]
[White "Fregonese, Giulio"]
[Black "Buqa, Brajan"]
[Result "1/2-1/2"]
[WhiteElo "2026"]
[BlackElo "1668"]
[Annotator "Gabriele Ballarin"]
[PlyCount "136"]
[EventDate "2023.05.26"]
[EventType "swiss"]
[EventRounds "5"]
[EventCountry "ITA"]

1. e4 c5 2. c3 Nf6 3. e5 Nd5 4. Nf3 Nc6 5. d4 cxd4 6. cxd4 d6 7. Bc4 Nb6 8. Bb5 dxe5 9. Nxe5 Bd7 10. Nxd7 Qxd7 11. Nc3 e6 12. O-O Rd8 13. Be3 Be7 14. Qg4 O-O 15. Rad1 a6 16. Bxc6 bxc6 17. Bh6 Bf6 18. Ne4 Qe7 19. Qg3 Rd5 {=} 20. Be3 Rc8 21. Nc5 a5 22. Rd3 Nc4 23. b3 Nd6 24. Na4 Nf5 25. Qg4 Qd8 26. Nc3 Rd7 27. Ne2 c5 28. Rfd1 cxd4 29. g3 Nxe3 30. fxe3 Rc5 31. Nxd4 Bxd4 32. Rxd4 Rcd5 33. Kf2 h5 34. Qe4 Rxd4 35. Rxd4 Rxd4 36. Qxd4 Qc7 37. Qd2 h4 38. Kf3 hxg3 39. hxg3 Qc5 40. Kf2 Qf5+ 41. Kg1 Qe5 42. Kh2 g6 43. Qd8+ Kg7 44. Qd4 Kf6 45. Kg2 Kf5 46. Kf3 g5 47. g4+ Kf6 48. a3 Qxd4 49. exd4 e5 50. d5 Ke7 51. Ke4 f6 52. b4 a4 53. b5 Kd6 54. b6 Kd7 55. b7 Kc7 {=} 56. Kf5 Kxb7 57. Ke6 e4 58. d6 e3 59. d7 e2 60. d8=Q e1=Q+ 61. Kxf6 Qa1+ 62. Kxg5 Qxa3 63. Qd7+ Kb6 64. Kf6 Qc3+ 65. Kf7 a3 66. Qe6+ Kb5 67. g5 Qc7+ 68. Ke8 Qc6+ 1/2-1/2

[Event "82.Camp. Veneto Quarti di Finale"]
[Site "Ceregnano ITA"]
[Date "2023.05.28"]
[Round "4.5"]
[White "Canato, Carlo"]
[Black "Belloni, Umberto"]
[Result "1-0"]
[WhiteElo "1785"]
[BlackElo "1457"]
[Annotator "Gabriele Ballarin"]
[PlyCount "79"]
[EventDate "2023.05.26"]
[EventType "swiss"]
[EventRounds "5"]
[EventCountry "ITA"]

1. d4 d5 2. Nf3 Bg4 3. Ne5 Bf5 4. Bf4 f6 5. Nd3 e6 6. e3 h5 7. h3 Bd6 8. Be2 g6 9. Nd2 Bxd3 10. Bxd3 f5 11. Qf3 g5 12. Bxd6 Qxd6 13. O-O-O Ne7 14. g4 fxg4 15. Qf6 Rf8 16. Bg6+ Kd7 17. Qxf8 Nxg6 18. Qg7+ Ne7 19. hxg4 Nbc6 20. gxh5 Rg8 21. Qf7 Nd8 22. Qf6 g4 23. h6 Rg6 24. Qe5 Qxe5 25. dxe5 Nf7 26. h7 Nh8 27. Ne4 Ke8 28. Nf6+ Kf7 29. Rdg1 g3 30. fxg3 Nf5 31. g4 Nxe3 32. b3 c5 33. Kd2 d4 34. c3 Rg5 35. cxd4 cxd4 36. Rh5 Rg6 37. Rc1 Nd5 38. Nxd5 exd5 39. Rc8 Kg7 40. Rc7+ 1-0

[Event "82.Camp. Veneto Quarti di Finale"]
[Site "Ceregnano ITA"]
[Date "2023.05.28"]
[Round "4.6"]
[White "Bagolin, Renzo"]
[Black "Zerba, Fabio"]
[Result "1/2-1/2"]
[WhiteElo "1736"]
[BlackElo "1445"]
[Annotator "Gabriele Ballarin"]
[PlyCount "119"]
[EventDate "2023.05.26"]
[EventType "swiss"]
[EventRounds "5"]
[EventCountry "ITA"]

1. b3 e5 2. Bb2 d6 3. e3 Nc6 4. Nf3 Nf6 5. d4 exd4 6. Nxd4 Nxd4 7. Bxd4 Be7 8. Be2 O-O 9. O-O h6 10. Nd2 Nh7 11. Nf3 Bf6 12. c4 Bxd4 13. Qxd4 Qf6 14. Rfd1 Qxd4 15. Rxd4 Nf6 16. Rc1 Be6 17. c5 dxc5 18. Rxc5 c6 19. Rc1 Rfd8 20. Rcd1 Rxd4 21. Rxd4 Kf8 22. Kf1 Ke8 23. h3 Rd8 24. Rxd8+ Kxd8 25. Nd4 Bd7 26. Bc4 Ke8 27. f3 b5 28. Bd3 Nd5 29. Kf2 a5 30. Ne2 Nb4 31. Bb1 g6 32. e4 Ke7 33. Ke3 Na6 34. f4 f5 35. e5 Be6 36. Nc3 Nc7 37. g3 Nd5+ 38. Nxd5+ Bxd5 39. Kd4 Ke6 40. g4 Bg2 41. gxf5+ gxf5 42. h4 Bf3 43. a3 Bd5 44. b4 axb4 45. axb4 Bc4 46. Bc2 Ba2 47. Kc3 Bd5 48. Bb3 Bxb3 49. Kxb3 h5 50. Kc3 Kd5 51. Kd3 c5 52. bxc5 Kxc5 53. Kc3 Kd5 54. Kb4 Kc6 55. Kc3 Kc5 56. Kb3 Kd5 57. Kb4 Kc6 58. e6 Kd6 59. e7 Kxe7 60. Kxb5 1/2-1/2

[Event "82.Camp. Veneto Quarti di Finale"]
[Site "Ceregnano ITA"]
[Date "2023.05.28"]
[Round "4.7"]
[White "Rubini, Alessandro BO"]
[Black "Zanirato, Stefano"]
[Result "0-1"]
[WhiteElo "1679"]
[BlackElo "1712"]
[Annotator "Gabriele Ballarin"]
[PlyCount "112"]
[EventDate "2023.05.26"]
[EventType "swiss"]
[EventRounds "5"]
[EventCountry "ITA"]

1. e4 d6 2. d4 g6 3. Nc3 Bg7 4. Be3 Nf6 5. f3 c6 6. Qd2 h5 7. Bd3 Nbd7 8. Nh3 Nf8 9. Ng5 Ne6 10. h4 Nxg5 11. hxg5 Nd7 12. O-O-O Nb6 13. Rh4 Be6 14. Rdh1 Rg8 15. g4 hxg4 16. fxg4 Qc7 17. Ne2 O-O-O 18. Kb1 Rh8 19. Ng3 Rxh4 20. Rxh4 Rh8 21. Rxh8+ Bxh8 22. Qh2 Qd8 23. Qh4 Bg7 24. b3 Qh8 25. Qxh8+ Bxh8 26. Be2 Bd7 27. c4 Kc7 28. Kc2 Bc8 29. Kd3 Nd7 30. Nf1 c5 31. Nh2 cxd4 32. Bxd4 Nc5+ 33. Bxc5 dxc5 34. Nf1 Kd6 35. Ke3 Bd4+ 36. Kf4 Bb2 37. Ne3 Bc1 38. Kf3 Bxe3 39. Kxe3 Ke5 40. Bf3 Bd7 41. Be2 Bc6 42. Bf3 b5 43. a3 bxc4 44. bxc4 Ba4 45. Be2 Bc2 46. Bf3 Bb1 47. Bg2 Ba2 48. Bf1 Bb3 49. Be2 a5 50. Kd3 Kf4 51. Kc3 Ba4 52. Kd3 Bc6 53. e5 Be4+ 54. Kc3 Kxe5 55. Kb3 Bc6 56. Kc3 Kf4 0-1

[Event "82.Camp. Veneto Quarti di Finale"]
[Site "Ceregnano ITA"]
[Date "2023.05.28"]
[Round "4.8"]
[White "De Marco, Leonardo"]
[Black "De Bortoli, Francesco"]
[Result "1-0"]
[WhiteElo "1541"]
[BlackElo "1894"]
[Annotator "Gabriele Ballarin"]
[PlyCount "119"]
[EventDate "2023.05.26"]
[EventType "swiss"]
[EventRounds "5"]
[EventCountry "ITA"]

1. e4 c5 2. Nf3 d6 3. d4 cxd4 4. Nxd4 Nf6 5. Nc3 g6 6. f3 a6 7. Be3 b5 8. Qd2 Bb7 9. Bh6 Nbd7 10. a3 Bxh6 11. Qxh6 Rc8 12. O-O-O Rxc3 13. bxc3 Qa5 14. Kb2 Nc5 15. Qd2 Na4+ 16. Ka2 Qxc3 17. Qc1 O-O 18. Qa1 Rc8 19. Bd3 Qc5 20. Ne2 Nd7 21. Rc1 Ne5 22. Qd4 Nc3+ 23. Qxc3 Qxc3 24. Nxc3 Rxc3 25. Kb2 Rc5 26. Rhe1 Kg7 27. f4 Nc4+ 28. Ka2 e5 29. g3 f6 30. Rcd1 Nb6 31. Kb3 Kf8 32. c3 Ke7 33. Rc1 Nc4 34. Ra1 Rc7 35. a4 d5 36. axb5 axb5 37. exd5 Bxd5 38. Kb4 Nb2 39. Bxb5 e4 40. Rab1 Nc4 41. Rbd1 Ke6 42. Rxd5 Kxd5 43. Rd1+ Ke6 44. Bxc4+ Kf5 45. h3 g5 46. Rd5+ Kg6 47. f5+ Kh5 48. Rd4 Re7 49. Be6 e3 50. Re4 Rb7+ 51. Ka3 e2 52. Rxe2 g4 53. hxg4+ Kxg4 54. Re3 Rb1 55. c4 h5 56. Rc3 Rb7 57. c5 Rc7 58. c6 h4 59. gxh4 Kxh4 60. Kb4 1-0

[Event "82.Camp. Veneto Quarti di Finale"]
[Site "Ceregnano ITA"]
[Date "2023.05.28"]
[Round "4.9"]
[White "Zaghini, Matteo"]
[Black "Adel, Sarah"]
[Result "1-0"]
[WhiteElo "1590"]
[BlackElo "1350"]
[Annotator "Gabriele Ballarin"]
[PlyCount "63"]
[EventDate "2023.05.26"]
[EventType "swiss"]
[EventRounds "5"]
[EventCountry "ITA"]

1. Nf3 d5 2. b3 c5 3. Bb2 Nc6 4. g3 Bf5 5. d3 e6 6. Bg2 Nf6 7. Nbd2 Qc7 8. O-O O-O-O 9. Nh4 Bg6 10. a4 Bd6 11. Nxg6 hxg6 12. e4 Rh7 13. f4 dxe4 14. Nxe4 Nxe4 15. Bxe4 c4 16. bxc4 Qb6+ 17. Kh1 Qxb2 18. Rb1 Qd4 19. Qd2 a6 20. Bxc6 bxc6 21. c3 Qa7 22. Qg2 Kc7 23. d4 Rhh8 24. c5 Be7 25. a5 Kd7 26. Rb6 Qa8 27. Qe2 Qc8 28. Rxa6 Rxh2+ 29. Kxh2 Rh8+ 30. Kg2 Rh7 31. Ra7+ Ke8 32. Qa6 1-0

[Event "82.Camp. Veneto Quarti di Finale"]
[Site "Ceregnano ITA"]
[Date "2023.05.28"]
[Round "4.10"]
[White "Morganti, Lionello"]
[Black "Cedriano, Mattia"]
[Result "1-0"]
[WhiteElo "1472"]
[BlackElo "1346"]
[Annotator "Gabriele Ballarin"]
[PlyCount "89"]
[EventDate "2023.05.26"]
[EventType "swiss"]
[EventRounds "5"]
[EventCountry "ITA"]

1. e4 e6 2. d4 d5 3. exd5 exd5 4. Bd3 Bd6 5. Nf3 Ne7 6. O-O O-O 7. Bg5 c6 8. c3 Qc7 9. Qc2 h6 10. Bh4 Bg4 11. Nbd2 Nd7 12. Rfe1 Rfe8 13. Bg3 Bf4 14. Bxf4 Qxf4 15. Ne5 Be6 16. Re2 Rad8 17. Rae1 Bf5 18. Nxc6 Bxd3 19. Nxe7+ Rxe7 20. Qxd3 Rxe2 21. Qxe2 Nf6 22. g3 Qd6 23. Qb5 Qc6 24. Qxc6 bxc6 25. Nb3 Rb8 26. Re7 a5 27. Ra7 Kf8 28. Rxa5 Nd7 29. Ra6 Rb6 30. Nc5 Rxa6 31. Nxa6 Nb6 32. Nb4 Na4 33. Nxc6 Nxb2 34. Nb4 Ke7 35. Nxd5+ Kd6 36. Ne3 Na4 37. c4 Nc3 38. Kf1 Nxa2 39. Nf5+ Kc6 40. Nxg7 Nb4 41. Nf5 Nc2 42. Nxh6 Nxd4 43. Nxf7 Kc5 44. Ne5 Kd6 45. f4 1-0

[Event "82.Camp. Veneto Quarti di Finale"]
[Site "Ceregnano ITA"]
[Date "2023.05.28"]
[Round "4.12"]
[White "Gazzato, Niccolò"]
[Black "Sottroi, Carlo"]
[Result "1/2-1/2"]
[WhiteElo "1450"]
[BlackElo "1741"]
[Annotator "Gabriele Ballarin"]
[PlyCount "95"]
[EventDate "2023.05.26"]
[EventType "swiss"]
[EventRounds "5"]
[EventCountry "ITA"]

1. e4 e6 2. d3 d5 3. Nd2 c5 4. Ngf3 Nc6 5. g3 Nf6 6. Bg2 Be7 7. O-O O-O 8. Re1 Re8 9. e5 Nd7 10. Nf1 Qc7 11. Bf4 b5 12. h4 Bb7 13. N1h2 Nb6 14. Ng5 Bxg5 15. hxg5 g6 16. Ng4 Kg7 17. Nf6 Rh8 18. c3 Ne7 19. Qf3 Nf5 20. g4 Ne7 21. Qh3 Ng8 22. Qh1 h6 23. Qh4 d4 24. f3 dxc3 25. bxc3 Nd5 26. Nxd5 Bxd5 27. gxh6+ Kh7 28. Bg5 Re8 29. Bf6 Nxf6 30. Qxf6 Rhg8 31. Kf2 Qe7 32. Qxe7 Rxe7 33. g5 Rb8 34. f4 Rd7 35. Bxd5 Rxd5 36. Ke3 Rbd8 37. Red1 a5 38. a4 b4 39. cxb4 cxb4 40. Rac1 R5d7 41. Rc5 Rd5 42. Rc7 R8d7 43. Rc2 Rb7 44. Rb1 Rbd7 45. Rb3 Rb7 46. Rc4 Rbd7 47. Rc2 Rb7 48. Rc4 1/2-1/2

[Event "82.Camp. Veneto Quarti di Finale"]
[Site "Ceregnano ITA"]
[Date "2023.05.28"]
[Round "4.13"]
[White "Pezzolato, Erica"]
[Black "Fantinati, Giulio"]
[Result "1/2-1/2"]
[WhiteElo "1453"]
[BlackElo "1378"]
[Annotator "Gabriele Ballarin"]
[PlyCount "43"]
[EventDate "2023.05.26"]
[EventType "swiss"]
[EventRounds "5"]
[EventCountry "ITA"]

1. c4 c5 2. Nf3 Nc6 3. g3 g6 4. Bg2 Bg7 5. O-O Nf6 6. Nc3 O-O 7. d3 d6 8. Bd2 Bd7 9. h3 h6 10. Qc1 Kh7 11. Rb1 Rb8 12. Nd5 Nxd5 13. cxd5 Nd4 14. Nxd4 cxd4 15. Kh2 b5 16. Qe1 Qb6 17. Ba5 Qb7 18. Qb4 Rbc8 19. Rbc1 Rxc1 20. Rxc1 Rc8 21. Rxc8 Qxc8 22. Qd2 1/2-1/2

[Event "82.Camp. Veneto Quarti di Finale"]
[Site "Ceregnano ITA"]
[Date "2023.05.28"]
[Round "4.14"]
[White "Gallo, Fausto"]
[Black "Carlino, Alessandro"]
[Result "0-1"]
[WhiteElo "1300"]
[BlackElo "1506"]
[Annotator "Gabriele Ballarin"]
[PlyCount "68"]
[EventDate "2023.05.26"]
[EventType "swiss"]
[EventRounds "5"]
[EventCountry "ITA"]

1. d4 d5 2. c4 c6 3. cxd5 cxd5 4. Nf3 Nf6 5. Bg5 Ne4 6. Nbd2 Nxg5 7. Nxg5 e5 8. Nxf7 Kxf7 9. e3 Qf6 10. Qh5+ g6 11. Qxe5 Qxe5 12. dxe5 Nc6 13. f4 d4 14. exd4 Nxd4 15. Rc1 Nc6 16. Bc4+ Be6 17. O-O Bc5+ 18. Kh1 Be3 19. Rcd1 Bxd2 20. Bxe6+ Kxe6 21. Rxd2 Rad8 22. Rfd1 Rxd2 23. Rxd2 Rd8 24. Rxd8 Nxd8 25. g3 Nc6 26. Kg2 g5 27. Kf3 gxf4 28. gxf4 Kf5 29. Ke3 Ne7 30. Kd4 b6 31. b4 Kxf4 32. a3 Kf5 33. Kc4 a6 34. a4 Kxe5 0-1

[Event "82.Camp. Veneto Quarti di Finale"]
[Site "Ceregnano ITA"]
[Date "2023.05.28"]
[Round "4.15"]
[White "Lazzarini, Giovanni"]
[Black "Renier, Renzo"]
[Result "0-1"]
[WhiteElo "1135"]
[BlackElo "1827"]
[Annotator "Gabriele Ballarin"]
[PlyCount "70"]
[EventDate "2023.05.26"]
[EventType "swiss"]
[EventRounds "5"]
[EventCountry "ITA"]

1. d4 Nf6 2. c4 g6 3. Nc3 d5 4. Qb3 dxc4 5. Qxc4 Bg7 6. e4 O-O 7. Bf4 Na6 8. Nf3 Nd7 9. Qb3 e5 10. dxe5 Ndc5 11. Qd5 Be6 12. Qxd8 Raxd8 13. a3 c6 14. Be2 Nd3+ 15. Bxd3 Rxd3 16. O-O Bb3 17. Nd2 Be6 18. Rad1 Rfd8 19. Nf3 Nc5 20. Rxd3 Rxd3 21. Be3 Bf8 22. Bxc5 Bxc5 23. Rd1 Rxd1+ 24. Nxd1 Bg4 25. Kf1 Kf8 26. Ke2 Ke7 27. h3 Be6 28. Kd3 h6 29. Nd2 b5 30. f3 Bg1 31. Nc3 Bh2 32. Kd4 Bf4 33. Nf1 {=} Bc4 34. Ne3 c5+ 35. Kxc5 Bxe3+ 0-1

[Event "82.Camp. Veneto Quarti di Finale"]
[Site "Ceregnano ITA"]
[Date "2023.05.28"]
[Round "4.16"]
[White "De Bianchi, Asia"]
[Black "Acosta Loor, Tamia"]
[Result "1-0"]
[WhiteElo "1614"]
[BlackElo "1098"]
[Annotator "Gabriele Ballarin"]
[PlyCount "59"]
[EventDate "2023.05.26"]
[EventType "swiss"]
[EventRounds "5"]
[EventCountry "ITA"]

1. e4 e5 2. f4 Nc6 3. Nf3 f6 4. Bc4 Bc5 5. c3 d6 6. d4 Bb6 7. d5 Nb8 8. a4 a6 9. Rf1 Bg4 10. h3 Bxf3 11. Qxf3 Nd7 12. f5 Qe7 13. Na3 g6 14. Be2 O-O-O 15. Nc4 Qf7 16. Nxb6+ Nxb6 17. Be3 Nd7 18. b4 Ne7 19. g4 Rdg8 20. fxg6 hxg6 21. b5 a5 22. b6 c6 23. c4 c5 24. Bd2 Nxb6 25. Bxa5 Nd7 26. Rb1 Rh7 27. Qb3 b6 28. Bxb6 Nxb6 29. Qxb6 Rd8 30. Qa7 1-0

[Event "82.Camp. Veneto Quarti di Finale"]
[Site "Ceregnano ITA"]
[Date "2023.05.28"]
[Round "5.1"]
[White "Frescura, Davide"]
[Black "Cervatti, Michele"]
[Result "1-0"]
[WhiteElo "2096"]
[BlackElo "1860"]
[Annotator "Gabriele Ballarin"]
[PlyCount "103"]
[EventDate "2023.05.26"]
[EventType "swiss"]
[EventRounds "5"]
[EventCountry "ITA"]

{[%evp 0,101,25,14,51,50,41,40,27,30,94,53,50,48,60,60,50,39,46,47,35,35,43,47,55,55,55,28,87,62,81,81,142,113,164,103,89,150,160,145,147,130,155,115,78,75,145,118,171,119,122,119,119,119,119,97,90,90,122,122,131,131,143,116,116,116,116,97,112,105,105,100,100,83,83,83,83,29,35,16,16,1,1,1,1,0,0,0,0,0,-3,-3,-3,-3,-3,-4,0,0,0,0,0,0,2335,2391]} 1. e4 c5 2. Nf3 e6 3. d4 cxd4 4. Nxd4 a6 5. Bd3 Nc6 6. Nxc6 bxc6 7. O-O d5 8. Qe2 Bd6 9. e5 Bc7 10. b3 Ne7 11. Ba3 Ng6 12. f4 Bb6+ 13. Kh1 c5 14. Nd2 Qc7 15. c4 Bb7 16. cxd5 exd5 17. Rac1 O-O 18. Bxc5 Bxc5 19. b4 f6 20. Bxg6 hxg6 21. Rfe1 fxe5 22. Rxc5 Qb6 23. Qxe5 Rac8 24. Rxc8 Rxc8 25. Nf3 Qf6 26. Qe3 Rf8 27. Ng5 Bc8 28. Qd3 Qf5 29. Qxf5 Bxf5 30. Rd1 Rd8 31. Rd4 Kf8 32. Kg1 Ke7 33. Nf3 Be4 34. Nd2 Bc2 35. Kf2 Rf8 36. Ke3 Ke6 37. Nf3 Rc8 38. Ne1 Be4 39. Nd3 Rc3 40. Kd2 Ra3 41. Nc5+ Kf5 42. Nxe4 dxe4 43. Rd6 Rxa2+ 44. Ke3 Ra3+ 45. Ke2 Kxf4 46. Rxg6 Ra2+ 47. Ke1 Ra4 48. Rxg7 Rxb4 49. h4 Rb5 50. Ke2 a5 51. g3+ Ke5 52. Rg5+ 1-0

[Event "82.Camp. Veneto Quarti di Finale"]
[Site "Ceregnano ITA"]
[Date "2023.05.28"]
[Round "5.2"]
[White "Canato, Carlo"]
[Black "Canella, Jacopo"]
[Result "0-1"]
[WhiteElo "1785"]
[BlackElo "1903"]
[Annotator "Gabriele Ballarin"]
[PlyCount "96"]
[EventDate "2023.05.26"]
[EventType "swiss"]
[EventRounds "5"]
[EventCountry "ITA"]

1. d4 d5 2. Nf3 c5 3. e3 Nc6 4. Bd3 Nf6 5. O-O Bg4 6. Nbd2 e6 7. c3 cxd4 8. exd4 Bd6 9. Re1 O-O 10. Nf1 Qc7 11. Bg5 Nd7 12. h3 Bh5 13. g4 Bg6 14. Bxg6 hxg6 15. Kg2 Rfe8 16. Bh4 b5 17. Ng5 Nf8 18. Qd3 Rab8 19. a3 a5 20. Bg3 b4 21. axb4 axb4 22. Ra6 Bxg3 23. Nxg3 Qb7 24. Rea1 bxc3 25. bxc3 Rec8 26. h4 Qb2 27. R6a2 Qb5 28. Qf3 f6 29. Nh3 e5 30. dxe5 Nxe5 31. Qd1 Qc6 32. Ra6 Qd7 33. g5 Rc6 34. Nf4 Rd8 35. Ra7 Qd6 36. R1a5 Rc5 37. Ne4 Rxa5 38. Nxd6 Rxa7 39. Qxd5+ Kh7 40. gxf6 gxf6 41. c4 Rad7 42. c5 Nf7 43. h5 Nxd6 44. hxg6+ Kh6 45. cxd6 Rxd6 46. Qg8 Rd4 47. Kf3 Rxf4+ 48. Kxf4 Nxg6+ 0-1

[Event "82.Camp. Veneto Quarti di Finale"]
[Site "Ceregnano ITA"]
[Date "2023.05.28"]
[Round "5.3"]
[White "Serea, Gabriele"]
[Black "De Marco, Leonardo"]
[Result "1-0"]
[WhiteElo "1747"]
[BlackElo "1541"]
[Annotator "Gabriele Ballarin"]
[PlyCount "93"]
[EventDate "2023.05.26"]
[EventType "swiss"]
[EventRounds "5"]
[EventCountry "ITA"]

1. e4 e5 2. Nf3 Nc6 3. d4 exd4 4. Bc4 Bc5 5. c3 Nf6 6. e5 d5 7. Bb5 Ne4 8. Nxd4 O-O 9. Bxc6 bxc6 10. O-O Qh4 11. Be3 Bxd4 12. cxd4 f5 13. f3 Ng5 14. g3 Qh5 15. Bxg5 Qxg5 16. f4 Qe7 17. Qc2 Ba6 18. Rc1 Qb4 19. Qc3 Qb6 20. Nd2 Rab8 21. b3 Bb7 22. Nf3 a5 23. Rab1 Ba8 24. Ne1 Qa6 25. Nd3 Rfd8 26. Rb2 Qb5 27. Qd2 g6 28. Rc5 Qb6 29. Qxa5 Bb7 30. Qc3 Ra8 31. a4 Re8 32. Nb4 Re6 33. Qd2 Ra5 34. Rbc2 Rxc5 35. Rxc5 Kf7 36. Qc3 Kg7 37. Kf2 Kh6 38. h3 Qa7 39. g4 Qb6 40. Nc2 fxg4 {=} 41. hxg4 Kg7 42. f5 gxf5 43. gxf5 Re8 44. Qg3+ Kh6 45. Rc3 Qa5 46. Qh4+ Kg7 47. Qf6+ 1-0

[Event "82.Camp. Veneto Quarti di Finale"]
[Site "Ceregnano ITA"]
[Date "2023.05.28"]
[Round "5.4"]
[White "Zanirato, Stefano"]
[Black "Tomio, Dante"]
[Result "1/2-1/2"]
[WhiteElo "1712"]
[BlackElo "1711"]
[Annotator "Gabriele Ballarin"]
[PlyCount "84"]
[EventDate "2023.05.26"]
[EventType "swiss"]
[EventRounds "5"]
[EventCountry "ITA"]

1. e4 c5 2. Nf3 e6 3. Nc3 a6 4. e5 Qc7 5. d3 d5 6. Bf4 Nc6 7. Bg3 Nge7 8. h4 Nf5 9. Bh2 Nfd4 10. Nxd4 cxd4 11. Ne2 Bb4+ 12. c3 dxc3 13. bxc3 Ba5 14. d4 Bd7 15. Bf4 O-O 16. Bd2 f6 17. f4 fxe5 18. dxe5 Bb6 19. Rh3 Nxe5 20. Nd4 Ng6 21. Qb3 Kh8 22. Rb1 Bxd4 23. cxd4 b5 24. Rc3 Qb6 25. g3 Rac8 26. h5 Ne7 27. Rxc8 Rxc8 28. Bb4 Nf5 29. Bc5 Qd8 30. Rb2 Qf6 31. Rd2 Be8 32. Qf3 a5 33. Bh3 b4 34. Bxf5 Qxf5 35. g4 Qb1+ 36. Kf2 Bb5 37. Kg3 Qg1+ 38. Rg2 Qe1+ 39. Qf2 Qe4 40. Rg1 Qd3+ 41. Kh4 Re8 42. Re1 h6 $138 {=} 1/2-1/2

[Event "82.Camp. Veneto Quarti di Finale"]
[Site "Ceregnano ITA"]
[Date "2023.05.28"]
[Round "5.5"]
[White "Zerba, Fabio"]
[Black "Fregonese, Giulio"]
[Result "1/2-1/2"]
[WhiteElo "1445"]
[BlackElo "2026"]
[Annotator "Gabriele Ballarin"]
[PlyCount "89"]
[EventDate "2023.05.26"]
[EventType "swiss"]
[EventRounds "5"]
[EventCountry "ITA"]

1. b3 e5 2. Bb2 Nc6 3. e3 Nf6 4. d3 d5 5. Nf3 Bd6 6. Be2 Qe7 7. O-O h5 8. Nbd2 h4 9. h3 e4 10. Nh2 Bd7 11. Ng4 O-O-O 12. dxe4 Nxe4 13. Nxe4 dxe4 14. Bxg7 f5 15. Bf6 Qf8 16. Bxd8 Qxd8 17. Nh2 Rg8 18. Kh1 Qe7 19. f4 exf3 20. Nxf3 Ne5 21. Nd2 Bc6 22. Rf2 Qg5 23. Qg1 Qxe3 24. Bf3 Nxf3 25. Nxf3 Bc5 26. Raf1 Qf4 27. Qh2 Qe3 28. Qe5 Qxe5 29. Nxe5 Be4 30. Re2 Bd6 31. Nf3 Bg3 32. Nd4 Rg5 33. Ne6 Rg6 34. Nf4 Rd6 35. Nh5 Be5 36. Nf4 b6 37. c4 Rd4 38. Ne6 Rd3 39. Nf4 Rd6 40. Kg1 Bd4+ 41. Kh1 Bc3 42. Kg1 Bd4+ 43. Kh1 Be5 44. Kg1 a5 45. Kh2 1/2-1/2

[Event "82.Camp. Veneto Quarti di Finale"]
[Site "Ceregnano ITA"]
[Date "2023.05.28"]
[Round "5.6"]
[White "Scaranaro, Martina"]
[Black "Bagolin, Renzo"]
[Result "1/2-1/2"]
[WhiteElo "1171"]
[BlackElo "1736"]
[Annotator "Gabriele Ballarin"]
[PlyCount "75"]
[EventDate "2023.05.26"]
[EventType "swiss"]
[EventRounds "5"]
[EventCountry "ITA"]

1. d4 d5 2. Nf3 Nf6 3. e3 e6 4. Bd3 Be7 5. b3 h6 6. Bb2 Nbd7 7. Nbd2 a5 8. a4 b6 9. O-O c6 10. Ne5 Nxe5 11. dxe5 Nd7 12. Qg4 Bf8 13. f4 Nc5 14. Be2 g6 15. Rad1 h5 16. Qh3 Bg7 17. Nc4 Nb7 18. e4 Qc7 19. Nd6+ Kf8 20. Ba3 Kg8 21. exd5 cxd5 22. Bd3 Nc5 23. Nb5 Qd8 24. Be2 Ba6 25. Nd4 Bxe2 26. Nxe2 Qc7 27. Nd4 Bf8 28. Qc3 Rc8 29. Rf3 Ne4 30. Qxc7 Rxc7 31. Bxf8 Kxf8 32. Rc1 Rc5 33. Re3 Nc3 34. Kf2 Ke7 35. Ke1 Rhc8 36. Kd2 Ne4+ 37. Ke2 Nc3+ 38. Kd2 1/2-1/2

[Event "82.Camp. Veneto Quarti di Finale"]
[Site "Ceregnano ITA"]
[Date "2023.05.28"]
[Round "5.7"]
[White "Buqa, Brajan"]
[Black "Zaghini, Matteo"]
[Result "0-1"]
[WhiteElo "1668"]
[BlackElo "1590"]
[Annotator "Gabriele Ballarin"]
[PlyCount "120"]
[EventDate "2023.05.26"]
[EventType "swiss"]
[EventRounds "5"]
[EventCountry "ITA"]

1. d4 Nf6 2. c4 g6 3. Nc3 Bg7 4. e4 d6 5. Be2 O-O 6. Be3 e5 7. d5 a5 8. g4 Ne8 9. g5 f5 10. gxf6 Bxf6 11. Nf3 Bg4 12. Qd2 Bxf3 13. Bxf3 Bh4 14. Bg4 g5 15. O-O-O Ng7 16. Rdf1 Kh8 17. Rhg1 Na6 18. f3 b6 19. Ne2 Nc5 20. Ng3 h6 21. Nf5 Nxf5 22. Bxf5 a4 23. Bf2 Bxf2 24. Rxf2 Qe7 25. h4 Qe8 26. Rfg2 Kg7 27. hxg5 h5 28. g6 Rh8 29. Qc3 Qe7 30. Rh2 h4 31. Kc2 Rh6 32. Rh3 Re8 33. Kd2 Qf6 34. Rg4 Rh5 35. Qe3 Rf8 36. Qf2 Rfh8 37. Ke3 R8h6 38. Qd2 Rh8 {=} 39. f4 Re8 40. fxe5 Rxe5 41. Bc8 Nxe4 42. Rxe4 Qg5+ 43. Kd3 Qxd2+ 44. Kxd2 Rxe4 45. b3 axb3 46. axb3 Rg5 47. Rf3 Re7 48. Bf5 Rg2+ 49. Kc3 Rg3 50. Rxg3 hxg3 51. Bh3 Kxg6 52. Kb4 Kg5 53. Kb5 Kf4 54. b4 Ke3 55. c5 bxc5 56. bxc5 dxc5 57. Kxc5 Kf2 58. d6 cxd6+ 59. Kxd6 Re1 60. Kd5 Rh1 0-1